000
00267 a2200109 4500
005
20250606103209.0
020
_a
978-81-203-2853-2
100
_a
BOSE, D. C
245
_a
Inventory Management
260
_a
New Delhi
_b
Phi Learning Private Limited
_c
2010
942
_2
ddc
_c
BKS
999
_c
3298
_d
3298